<?xml version="1.0" encoding="UTF-8"?>
<collection xmlns="http://www.loc.gov/MARC21/slim">
  <record>
    <leader>00000nam  2200000   4500</leader>
    <controlfield tag="001">INLIS000000000057487</controlfield>
    <controlfield tag="005">20210127100326</controlfield>
    <datafield tag="035" ind1="#" ind2="#">
      <subfield code="a">0010-0121000077</subfield>
    </datafield>
    <controlfield tag="007">ta</controlfield>
    <controlfield tag="008">210127###########################0#ind##</controlfield>
    <datafield tag="082" ind1="#" ind2="#">
      <subfield code="a">338.642 598 53</subfield>
    </datafield>
    <datafield tag="084" ind1="#" ind2="#">
      <subfield code="a">338.642 598 53 Nus p.1</subfield>
    </datafield>
    <datafield tag="245" ind1="1" ind2="#">
      <subfield code="a">Profil Investasi Industri Kecil :</subfield>
      <subfield code="b">Manisan Pala /</subfield>
      <subfield code="c">Proyek Pemberdayaan Industri Kecil dan Menengah (PIKM) Dinas Perindustrian dan Perdagangan Propinsi Nusa Tenggara Barat</subfield>
    </datafield>
    <datafield tag="300" ind1="#" ind2="#">
      <subfield code="a">ii, 18 halaman :</subfield>
      <subfield code="b">ilus ;</subfield>
      <subfield code="c">21 cm</subfield>
    </datafield>
    <datafield tag="600" ind1="#" ind2="4">
      <subfield code="a">Industri Kecil - NTB</subfield>
    </datafield>
    <datafield tag="740" ind1="#" ind2="#">
      <subfield code="a">Profil Investasi Industri Kecil</subfield>
    </datafield>
    <datafield tag="264" ind1="#" ind2="#">
      <subfield code="a">Mataram :</subfield>
      <subfield code="b">Dinas Perindustrian dan Perdagangan Propinsi Nusa Tenggara Barat,</subfield>
      <subfield code="c">2003</subfield>
    </datafield>
    <datafield tag="336" ind1="#" ind2="#">
      <subfield code="a">Teks</subfield>
      <subfield code="2">rdacontent</subfield>
    </datafield>
    <datafield tag="337" ind1="#" ind2="#">
      <subfield code="a">Buku</subfield>
      <subfield code="2">rdamedia</subfield>
    </datafield>
    <datafield tag="338" ind1="#" ind2="#">
      <subfield code="a">lain-lain</subfield>
      <subfield code="2">rdacarrier</subfield>
    </datafield>
    <datafield tag="990" ind1="#" ind2="#">
      <subfield code="a">168/36/2007</subfield>
    </datafield>
  </record>
</collection>
